000 00511nam a2200181Ia 4500
999 _c13463
_d13463
003 OSt
005 20201028105236.0
008 190216s9999||||xx |||||||||||||| ||und||
020 _a0582551056
040 _coclc
082 _a821.009
_bATT/R
100 _aAttridge, Derek
_96121
245 4 _aThe Rhythms Of English Poetry /
_cDerek Attridge
260 _bLongmans,
_c1987.
_aLondon:
300 _a395p
650 _aEnglish Poetry
942 _cBK
_2ddc
_h821.009
_iATT/R
_k821.009
_mATT/R